28 de septiembre 2017 : (Record no. 40513)
[ view plain ]
| 000 -LEADER | |
|---|---|
| campo de control de longitud fija | 01018nam a2200289Ia 4500 |
| 001 - NÚMERO DE CONTROL | |
| campo de control | 050592 |
| 008 - DATOS DE LONGITUD FIJA--INFORMACIÓN GENERAL | |
| campo de control de longitud fija | 221003m2017 xx 000 0 spa d |
| 035 ## - NÚMERO DE CONTROL DEL SISTEMA | |
| Número de control de sistema | CENDO_40514 |
| 041 ## - CÓDIGO DE IDIOMA | |
| Código de lengua del texto/banda sonora o título independiente | spa |
| 110 ## - ENTRADA PRINCIPAL--NOMBRE DE ENTIDAD CORPORATIVA | |
| Nombre de entidad corporativa o nombre de jurisdicción como elemento de entrada | CCOO. |
| Unidad subordinada | Confederación Sindical. |
| -- | Secretaría de Mujeres e Igualdad. |
| 9 (RLIN) | 29615 |
| 245 #0 - MENCIÓN DEL TÍTULO | |
| Título | 28 de septiembre 2017 : |
| Resto del título | Día Mundial por el Acceso al Aborto Legal y Seguro : Por los Derechos Sexuales y Reproductivos / |
| Mención de responsabilidad, etc. | Secretaría Confederal de Mujeres e Igualdad |
| 260 ## - PUBLICACIÓN, DISTRIBUCIÓN, ETC. | |
| Lugar de publicación, distribución, etc. | [Madrid] : |
| Nombre del editor, distribuidor, etc. | Secretaría Confederal de Mujeres e Igualdad, |
| Fecha de publicación, distribución, etc. | 2017 |
| 300 ## - DESCRIPCIÓN FÍSICA | |
| Extensión | 2 p. ; |
| Dimensiones | 30 cm |
| 650 ## - PUNTO DE ACCESO ADICIONAL DE MATERIA--TÉRMINO DE MATERIA | |
| Término de materia o nombre geográfico como elemento de entrada | MUJERES |
| 9 (RLIN) | 199 |
| 650 #0 - PUNTO DE ACCESO ADICIONAL DE MATERIA--TÉRMINO DE MATERIA | |
| Término de materia o nombre geográfico como elemento de entrada | DIA MUNDIAL POR EL ACCESO AL ABORTO LEGAL Y SEGURO |
| 9 (RLIN) | 39824 |
| 650 #0 - PUNTO DE ACCESO ADICIONAL DE MATERIA--TÉRMINO DE MATERIA | |
| Término de materia o nombre geográfico como elemento de entrada | ABORTO |
| 9 (RLIN) | 4300 |
| 650 ## - PUNTO DE ACCESO ADICIONAL DE MATERIA--TÉRMINO DE MATERIA | |
| Término de materia o nombre geográfico como elemento de entrada | SEXUALIDAD |
| 9 (RLIN) | 10298 |
| 650 ## - PUNTO DE ACCESO ADICIONAL DE MATERIA--TÉRMINO DE MATERIA | |
| Término de materia o nombre geográfico como elemento de entrada | REPRODUCCION |
| 9 (RLIN) | 2949 |
| 650 #0 - PUNTO DE ACCESO ADICIONAL DE MATERIA--TÉRMINO DE MATERIA | |
| Término de materia o nombre geográfico como elemento de entrada | ACTITUD SINDICAL |
| 9 (RLIN) | 61 |
| 856 ## - LOCALIZACIÓN Y ACCESO ELECTRÓNICOS | |
| Nota pública | |
| Identificador Uniforme de Recursos | <a href="http://docpublicos.ccoo.es/cendoc/050592DiaMundialAccesoAborto.pdf">http://docpublicos.ccoo.es/cendoc/050592DiaMundialAccesoAborto.pdf</a> |
| 901 ## - ELEMENTOS DE DATOS A LOCAL LDA (RLIN) | |
| a | 2 |
| 903 ## - ELEMENTOS DE DATOS C LOCAL, LDC (RLIN) | |
| a | NO |
| 904 ## - ELEMENTOS DE DATOS D LOCAL, LDD (RLIN) | |
| a | 000 |
| 910 ## - DATOS DE OPCIÓN DEL USUARIO (OCLC) | |
| Datos de opción del usuario | 2017 |
| 942 ## - ELEMENTOS DE ENTRADA SECUNDARIOS (KOHA) | |
| Tipo de ítem Koha | Documento Electrónico |
| Fuente del sistema de clasificación o colocación | Clasificación Decimal Dewey |
| Estatus retirado | Estado de pérdida | Estado de daño | No para préstamo | Biblioteca de origen | Biblioteca actual | Fecha de adquisición | Total de préstamos | Código de barras | Visto por última vez | Precio de reemplazo | Tipo de ítem Koha |
|---|---|---|---|---|---|---|---|---|---|---|---|
| CENDO | CENDO | 28/09/2017 | CENDO_40514 | 05/10/2022 | 05/10/2022 | Documento Electrónico |